000 00442nam a2200181Ia 4500
005 20250423101520.0
008 250422s9999 xx 000 0 und d
020 _a9788120321908
050 _aTA 775 .S66/
100 _aSom, N.N.
245 0 _aTheory and practice of foundation design
260 _aNew Delhi
260 _bPHI learning private limited.
260 _c2013
300 _a399 p
650 _aFoundations.
942 _cBK
999 _c36515
_d36515